Расчет электрических машин и трансформаторов: учебное пособие для втузов; Ч. 3: Трансформаторы трехфазного и однофазного тока

Dettagli Bibliografici
Autore principale: Чечет Ю. С.
Lingua:russo
Pubblicazione: Москва, Гостехиздат, 1926
Edizione:2-е изд., доп.
Serie:Инженерно-промышленная библиотека
Soggetti:
Natura: MixedMaterials Libro
KOHA link:https://koha.lib.tpu.ru/cgi-bin/koha/opac-detail.pl?biblionumber=191954

MARC

LEADER 00000nam0a2200000 4500
001 191954
005 20231031180924.0
035 |a (RuTPU)RU\TPU\book\209319 
090 |a 191954 
100 |a 20110215d1926 m y0rusy50 ca 
101 0 |a rus 
102 |a RU 
105 |a a j 000zy 
200 1 |a Расчет электрических машин и трансформаторов  |e учебное пособие для втузов  |h Ч. 3: Трансформаторы трехфазного и однофазного тока  |f Ю. С. Чечет 
205 |a 2-е изд., доп. 
210 |a Москва  |c Гостехиздат  |d 1926 
215 |a 208 с.  |c ил. 
225 1 |a Инженерно-промышленная библиотека 
610 1 |a трансформаторы 
610 1 |a расчет 
610 1 |a соразмерность 
610 1 |a сердечники 
610 1 |a обмотки 
610 1 |a напряжение 
610 1 |a падение 
610 1 |a нагревание 
610 1 |a высокое напряжение 
610 1 |a электрические машины 
610 1 |a однофазные трансформаторы 
610 1 |a трехфазные трансформаторы 
675 |a 621.313.001.24(075)  |v 3 
675 |a 621.314.21.001(075)  |v 3 
700 1 |a Чечет  |b Ю. С. 
801 1 |a RU  |b 63413507  |c 20110215 
801 2 |a RU  |b 63413507  |c 20140401  |g RCR 
942 |c BK